Instruccion para adiestrar al soldado en el combate en orden abierto / (Record no. 156045)

MARC details
000 -LEADER
campo de control de longitud fija 00911nam a2200205 i 4500
001 - NÚMERO DE CONTROL
campo de control 156045
003 - IDENTIFICADOR DE NÚMERO DE CONTROL
campo de control ES-MaACL
005 - FECHA Y HORA DE LA ÚLTIMA TRANSACCIÓN
campo de control 20230906210313.0
008 - DATOS DE LONGITUD FIJA--INFORMACIÓN GENERAL
campo de control de longitud fija 981215s1884 sp |||| | spa d
040 ## - FUENTE DE CATALOGACIÓN
Centro catalogador/agencia de origen CCPB | B
Lengua de catalogación spa
Centro/agencia transcriptor CCPB | B
245 00 - MENCIÓN DEL TÍTULO
Título Instruccion para adiestrar al soldado en el combate en orden abierto /
Mención de responsabilidad, etc. por un Jefe de Infantería del Ejército francés ; traducida de la 3ª edición ... por Pedro Gil Gonzalo.
260 ## - PUBLICACIÓN, DISTRIBUCIÓN, ETC.
Lugar de publicación, distribución, etc. Barcelona :
Nombre del editor, distribuidor, etc. Redacción y Administración de la Revista Científico-Militar,
Fecha de publicación, distribución, etc. 1884 (
Fabricante Imp. de Luis Tasso)
300 ## - DESCRIPCIÓN FÍSICA
Extensión 80 p. ;
Dimensiones 15 cm.
594 ## - Nota al título y mención de responsabilidad
Nota al título y mención de responsabilidad Precede al tít.: "Publicaciones de la Revista Científico-Militar. Instrucción y Educación del Soldado"
597 ## - NOTA DE DESCRIPCIÓN FÍSICA
NOTA DE DESCRIPCIÓN FÍSICA Antep.
700 01 - ENTRADA AGREGADA--NOMBRE PERSONAL
Nombre de persona Jefe de Infantería del Ejército Francés, Un.
9 (RLIN) 128290
700 1# - ENTRADA AGREGADA--NOMBRE PERSONAL
Nombre de persona Gil Gonzalo, Pedro.
9 (RLIN) 127304
852 ## - LOCALIZACIÓN
Ubicación ES-MaACL
Número de control de estantería G-11160
Nota libre -- Enc. hol.
Holdings
Estatus retirado Estado de pérdida Estado de daño No para préstamo Colección Biblioteca de origen Biblioteca actual Ubicación en estantería Fecha de adquisición Fuente de adquisición Total de préstamos Signatura topográfica completa Código de barras Visto por última vez Precio de reemplazo Tipo de ítem Koha
        Libros del s. XIX Biblioteca del Ateneo de Madrid Biblioteca del Ateneo de Madrid Sala Pecera Planta 3 17/01/2008     G-11160 1163250 23/02/2023 23/02/2023 Libro impreso antiguo